Classement perpétuel Première League : 2024 - Statistiques

Statistiques générales
  • Ce quiz a été pris 570 fois
  • Le résultat moyen est 27 sur 65
Statistiques - réponses
Nombre de saison Dernière saison en PL Réponse % Correct
99 En cours Manchester United
100%
109 En cours Liverpool
98%
95 En cours Manchester City
98%
107 En cours Arsenal
97%
89 En cours Chelsea
96%
89 En cours Tottenham
91%
110 En cours Aston Villa
85%
121 En cours Everton
79%
66 En cours West Ham
78%
92 En cours Newcastle
77%
55 2023 Leicester
76%
11 En cours Brighton
73%
58 En cours Nottingham forest / Nottingham
72%
53 2023 Leeds United / Leeds
65%
24 En cours Crystal Palace
63%
46 2023 Southampton
60%
69 En cours Wolverhampton
60%
29 En cours Fulham
59%
63 En cours Sheffield United / Sheffield
55%
66 2003 Sheffield Wednesday / Sheffield
55%
86 2022 Sunderland
55%
7 En cours Bournemouth
54%
60 En cours Burnley
54%
8 En cours Brentford
52%
17 En cours Luton Town / Luton
52%
57 2011 Birmingham City / Birmingham
48%
27 2022 Norwich City / Norwich
48%
17 2019 Cardiff City / Cardiff
40%
9 2018 Swansea City / Swansea
40%
72 2012 Blackburn Rover / Blackburn
39%
26 2004 Ipswich town / Ipswich
39%
14 2022 Watford
39%
5 2017 Hull City / Hull
37%
23 2015 Queens Park Rangers / Queens
34%
33 2010 Portsmouth
31%
62 2018 Stoke City / Stoke
31%
82 2021 West Bromwich Albion / Albion
29%
34 2004 Coventry City / Coventry
28%
65 2008 Derby County
28%
9 1999 Bristol City / Bristol
27%
61 2017 Middlesbrough
26%
73 2012 Bolton
24%
32 2019 Huddersfield Town / Huddersfield / Hudder
24%
2 2004 Millwall
24%
28 2011 Blackpool
22%
3 1988 Oxford
22%
46 2004 Preston
21%
3 2013 Reading
21%
14 2000 Wimbledon
20%
26 2007 Charlton
17%
1 2002 Barnsley
15%
1 1966 Northampton
12%
8 2013 Wigan Athletic
11%
12 2000 Bradford
9%
3 1921 Bradford Park Avenue Association / Bradford
9%
1 1963 Leyton Orient / Leyton
7%
30 1992 Notts County
6%
12 1997 Oldham
6%
1 1994 Swindon Town / Swindon
6%
5 1893 Accrington FC / Accrington
4%
1 1975 Carlisle
4%
12 1948 Grimsby Town / Grimsby
3%
22 1929 Bury
2%
1 1900 Glossop
1%
2 1894 Darwen
0%
Aucun quiz correspondant
Distribution des résultats
% des personnes avec chaque résultat
Percentile par nombre de réponses
Votre historique - résultats
Vous n’avez pas pris ce quiz